La misión de Jesús en el evangelio según San Juan (Registro nro. 64076)
[ vista simple ]
| 000 -LÍDER | |
|---|---|
| Campo fijo de descripción fija | 01148nab a2200229 4500 |
| 001 - NÚMERO DE CONTROL | |
| Campo de control | 768714001 |
| 003 - IDENTIFICADOR DEL NÚMERO DE CONTROL | |
| Campo de control | CO-MdFUSB |
| 005 - FECHA Y HORA DE LA ULTIMA TRANSACCIÓN | |
| control field | 20230419092941.0 |
| 008 - ELEMENTOS DE LONGITUD FIJA -- INFORMACIÓN GENERAL | |
| Campo fijo de descripción fija -- Información general | 171012s2016 gt ||||| |||| 00| 0 spa d |
| 022 ## - NÚMERO INTERNACIONAL NORMALIZADO PARA PUBLICACIONES SERIADAS | |
| Número Internacional Normalizado para Publicaciones Seriadas | 1014-9341 |
| 040 ## - FUENTE DE CATALOGACIÓN | |
| Agencia Catalogadora | CO-MdFUSB |
| Idioma de catalogación | spa |
| Agencia que realiza la transcripción | CO-MdFUSB |
| Agencia que realiza la modificación | CO-MdFUSB |
| 041 ## - CÓDIGO DE IDIOMA | |
| Código de idioma para texto/pista de sonido o título separado | spa |
| 100 ## - ASIENTO PRINCIPAL--NOMBRE PERSONAL | |
| Nombre personal | Sywulka, Pablo |
| Término relacionador | autor |
| 245 ## - TÍTULO | |
| Título | La misión de Jesús en el evangelio según San Juan |
| Mención de responsabilidad | / Pablo Sywulka |
| 300 ## - DESCRIPCIÓN FÍSICA | |
| Extensión | Número 58-59 (Enero - Diciembre, 2016), páginas 159-173 |
| Dimensiones | ; 22 cm |
| 520 1# - NOTA DE RESUMEN, ETC. | |
| Nota de sumario, etc. | Un estudio de aquellos términos que el evangelista Juan utiliza para hablar del envío y la venida de Jesús a este mundo, y un repaso de las ideas principales de su prólogo (Jn 1:1-18) resultan iluminadores a la hora de entender la misión de Jesús. A la vez, dicho entendimiento puede ayudarnos a reflexionar en cuanto a la forma en la que la iglesia actual debe llevar a cabo su misión. |
| 630 07 - PUNTO DE ACCESO ADICIONAL DE MATERIA - TÍTULO UNIFORME | |
| Título uniforme | Biblia. |
| Parte o sección de la obra | Juan |
| Subdivisión de materia general | Crítica, interpretación, etc. |
| 650 #7 - ASIENTO SECUNDARIO DE MATERIA - TERMINO TEMÁTICO | |
| 9 (RLIN) | 239 |
| Término temático o nombre geográfico como elemento de entrada | Cristología |
| 653 ## - TÉRMINO DE INDIZACIÓN - NO CONTROLADO | |
| Término no controlado | Misión |
| 773 ## - ASIENTO DE ITEM FUENTE | |
| Biblionumber | 49489 |
| Itemnumber | 76153 |
| Parte(s) relacionada(s) / Volumen., número. (mes año), páginas | Número 58-59 (Enero - Diciembre, 2016), páginas 159-173 |
| Enumeración y primera página | Página 159 |
| Título | Kairós |
| 942 ## - TIPO DE MATERIAL (KOHA) | |
| Tipo de Item KOHA | Artículos de Revista |
No hay ítems disponibles.
